|
|
|
|
| LEADER |
007140000a22002170004500 |
| 020 |
|
|
|a 81-873-8003-4
|
| 040 |
|
|
|a MAL
|
| 082 |
|
|
|a A1 009 112 P1
|
| 100 |
|
|
|a Ajayakumar, N; Author
|
| 245 |
|
|
|a Aadhunikatha malayala kavithayil
|
| 250 |
|
|
|
| 260 |
|
|
|a Changanacherry, Association for Comparative Studies
|
| 260 |
|
|
|c 2001
|
| 460 |
|
|
|a 162
|
| 465 |
|
|
|a Rs.65.00
|
| 500 |
|
|
|a Includes bibliographical references and index
|
| 500 |
|
|
|a N Ajayakumar
|
| 650 |
|
|
|a Malayalam poetry-Modernism
|
| 650 |
|
|
|a Modernism (Literature)
|
| 999 |
|
|
|c 31345
|d 31345
|
| 952 |
|
|
|0 0
|1 0
|4 0
|6 A_1_009000000000000_112_P1
|7 0
|8 MAL
|9 31425
|a MGUL
|b MGUL
|d 2013-07-16
|e Rs.65.00
|l 13
|m 4
|o A1 009 112 P1
|p 31867
|r 2020-07-14
|s 2020-06-22
|w 2013-07-16
|y BK
|